000 00699nac a22001931u 4500
010 _a96001547
020 _a0133737217
082 0 0 _a621.395
_bC3231
090 _c888
_d888
100 _aCarter, John W.,
245 1 0 _aDigital designing with programmable logic devices /
_cby John W. Carter.
260 _aUpper Saddle River, NJ :
_bPrentice Hall,
_c1997.
300 _axiv, 418 p. :
_bill. ;
_c24 cm.
500 _aIncludes index.
650 0 _aProgrammable logic devices
_xDesign.
650 0 _aLogic design.
942 _cBB
_k621.395C3231
999 _c888
_d888